| 000 | 00466cam a2200181 4500 | ||
|---|---|---|---|
| 001 | D8760 | ||
| 008 | 090401t1982 xxu||||| |||| 00| 0 eng d | ||
| 035 | _a(Sirsi) u15050 | ||
| 041 | _aeng | ||
| 050 | _a692.5 | ||
| 100 | _aSkoyles, E.R. | ||
| 245 | _aWaste and the estimator | ||
| 260 |
_aAscot, Berks _bThe Chartered Institute of Building _c1982 |
||
| 350 | _a0 | ||
| 490 |
_aTechnical Information Service _pEstimating _v15 |
||
| 942 | _n0 | ||
| 948 | _c04/03/1997 | ||
| 999 |
_c87245 _d87245 |
||